[Event "DEM U16 2018"]
[Site "Willingen GER"]
[Date "2018.05.21"]
[Round "3"]
[White "Nöldner, Julian"]
[Black "Lange, Jannis"]
[Result "1-0"]
[Termination "normal"]
[Board "13"]
[WhiteElo "1982"]
[BlackElo "1919"]
[WhiteClock "00:29:27"]
[BlackClock "00:23:46"]
[PlyCount "85"]
[WhiteFideId "16218744"]
[BlackFideId "12993107"]
[EventCountry "GER"]
[EventRounds "9"]
[EventType "swiss"]
[EventDate "2018.05.19"]

1. e4 {[%clk 1:29:42]} 1... c5 {[%clk 1:30:49]} 2. Nf3 {[%clk 1:30:07]} 2...
Nc6 {[%clk 1:31:08]} 3. Bb5 {[%clk 1:29:46]} 3... g6 {[%clk 1:30:22]} 4. Bxc6 {
[%clk 1:29:17]} 4... dxc6 {[%clk 1:30:44]} 5. d3 {[%clk 1:29:35]} 5... Bg7 {
[%clk 1:30:14]} 6. h3 {[%clk 1:29:58]} 6... Nf6 {[%clk 1:28:00]} 7. Nc3 { [%clk
1:29:11]} 7... O-O {[%clk 1:27:31]} 8. O-O {[%clk 1:29:06]} 8... b6 { [%clk
1:25:23]} 9. Bf4 {[%clk 1:24:53]} 9... Ne8 {[%clk 1:03:24]} 10. Qd2 { [%clk
1:19:12]} 10... f6 {[%clk 0:59:10]} 11. e5 {[%clk 1:16:52]} 11... Nc7 { [%clk
0:48:16]} 12. Bh6 {[%clk 0:59:15]} 12... Ne6 {[%clk 0:42:35]} 13. Bxg7 { [%clk
0:52:08]} 13... Kxg7 {[%clk 0:42:28]} 14. Rfe1 {[%clk 0:52:32]} 14... f5 {[%clk
0:33:07]} 15. Ne2 {[%clk 0:33:39]} 15... h6 {[%clk 0:21:41]} 16. h4 { [%clk
0:27:54]} 16... Kh7 {[%clk 0:14:14]} 17. Rad1 {[%clk 0:17:16]} 17... Nd4 {[%clk
0:11:23]} 18. Nexd4 {[%clk 0:17:11]} 18... cxd4 {[%clk 0:11:47]} 19. Qf4 {[%clk
0:17:14]} 19... c5 {[%clk 0:11:12]} 20. c3 {[%clk 0:13:02]} 20... Bb7 { [%clk
0:08:22]} 21. e6 {[%clk 0:13:28]} 21... Bxf3 {[%clk 0:07:08]} 22. Qxf3 { [%clk
0:13:28]} 22... Qd6 {[%clk 0:07:08]} 23. Re2 {[%clk 0:13:55]} 23... Rad8 {[%clk
0:05:56]} 24. c4 {[%clk 0:13:27]} 24... Rf6 {[%clk 0:04:48]} 25. Rde1 { [%clk
0:13:51]} 25... Qc7 {[%clk 0:04:33]} 26. Re5 {[%clk 0:12:44]} 26... Rd6 { [%clk
0:04:42]} 27. h5 {[%clk 0:10:18]} 27... Qc6 {[%clk 0:02:38]} 28. hxg6+ { [%clk
0:08:23]} 28... Kxg6 {[%clk 0:03:01]} 29. Qe2 {[%clk 0:05:54]} 29... Kg7 {[%clk
0:02:49]} 30. Kh2 {[%clk 0:03:59]} 30... Rg6 {[%clk 0:02:11]} 31. f4 { [%clk
0:02:55]} 31... Rf6 {[%clk 0:01:42]} 32. b3 {[%clk 0:01:17]} 32... Qe8 { [%clk
0:01:53]} 33. Qf3 {[%clk 0:00:46]} 33... Qg6 {[%clk 0:02:06]} 34. Qb7 { [%clk
0:00:38]} 34... Rdxe6 {[%clk 0:01:27]} 35. Qxa7 {[%clk 0:01:02]} 35... Kf7
{[%clk 0:01:14]} 36. Qb7 {[%clk 0:01:17]} 36... Qg4 {[%clk 0:00:42]} 37. g3
{[%clk 0:00:53]} 37... Rg6 {[%clk 0:00:46]} 38. Qg2 {[%clk 0:01:01]} 38... Rxe5
{[%clk 0:00:46]} 39. Rxe5 {[%clk 0:01:26]} 39... Rd6 {[%clk 0:00:52]} 40. Qb7 {
[%clk 0:00:41]} 40... Qh5+ {[%clk 0:00:54]} 41. Kg2 {[%clk 0:00:50]} 41... Re6
{[%clk 0:24:07]} 42. Qd5 {[%clk 0:29:12]} 42... Qg6 {[%clk 0:23:46]} 43. a3 {
[%clk 0:29:27]} 1-0

[Event "DEM U16 2018"]
[Site "Willingen GER"]
[Date "2018.05.22"]
[Round "4"]
[White "Färber, David"]
[Black "Engel, Luis"]
[Result "1/2-1/2"]
[Termination "normal"]
[Board "1"]
[WhiteElo "2256"]
[BlackElo "2461"]
[WhiteClock "00:07:51"]
[BlackClock "00:07:34"]
[PlyCount "71"]
[WhiteFideId "12971294"]
[BlackFideId "12961523"]
[EventCountry "GER"]
[EventRounds "9"]
[EventType "swiss"]
[EventDate "2018.05.19"]

1. e4 {[%clk 1:30:56]} 1... c5 {[%clk 1:30:56]} 2. Nf3 {[%clk 1:31:13]} 2... d6
{[%clk 1:31:19]} 3. d4 {[%clk 1:31:19]} 3... cxd4 {[%clk 1:31:43]} 4. Nxd4 {
[%clk 1:31:32]} 4... Nf6 {[%clk 1:32:06]} 5. Nc3 {[%clk 1:31:50]} 5... a6 {
[%clk 1:32:31]} 6. Be3 {[%clk 1:32:01]} 6... e5 {[%clk 1:32:39]} 7. Nf3 { [%clk
1:32:15]} 7... Be7 {[%clk 1:33:02]} 8. Bc4 {[%clk 1:32:33]} 8... O-O { [%clk
1:33:25]} 9. O-O {[%clk 1:32:45]} 9... Nc6 {[%clk 1:33:50]} 10. Bb3 { [%clk
1:30:51]} 10... Be6 {[%clk 1:32:50]} 11. Qe2 {[%clk 1:31:04]} 11... Rc8 { [%clk
1:23:15]} 12. Rfd1 {[%clk 1:30:28]} 12... h6 {[%clk 1:22:36]} 13. Nd5 { [%clk
1:18:40]} 13... Bxd5 {[%clk 1:22:10]} 14. Bxd5 {[%clk 1:17:25]} 14... Qc7
{[%clk 1:13:38]} 15. c3 {[%clk 1:04:02]} 15... Na5 {[%clk 1:12:34]} 16. Rab1 {
[%clk 0:54:24]} 16... Nc4 {[%clk 1:10:18]} 17. Ne1 {[%clk 0:49:47]} 17... Nxd5
{[%clk 0:47:15]} 18. Rxd5 {[%clk 0:48:16]} 18... f5 {[%clk 0:46:56]} 19. exf5 {
[%clk 0:42:39]} 19... Rxf5 {[%clk 0:47:17]} 20. f3 {[%clk 0:40:41]} 20... b5 {
[%clk 0:36:47]} 21. Rbd1 {[%clk 0:34:27]} 21... Qa5 {[%clk 0:32:28]} 22. a3 {
[%clk 0:29:38]} 22... Qa4 {[%clk 0:31:14]} 23. R5d3 {[%clk 0:25:31]} 23... Qb3
{[%clk 0:29:33]} 24. Bc1 {[%clk 0:25:13]} 24... Bg5 {[%clk 0:27:26]} 25. Bxg5 {
[%clk 0:21:04]} 25... Rxg5 {[%clk 0:27:39]} 26. Rb1 {[%clk 0:19:09]} 26... Qa2
{[%clk 0:22:49]} 27. Rdd1 {[%clk 0:18:06]} 27... Rg6 {[%clk 0:14:56]} 28. Nd3 {
[%clk 0:16:11]} 28... Nb6 {[%clk 0:10:06]} 29. Nb4 {[%clk 0:14:30]} 29... Qf7 {
[%clk 0:09:50]} 30. Nxa6 {[%clk 0:10:50]} 30... Nd5 {[%clk 0:09:46]} 31. g3 {
[%clk 0:08:18]} 31... Nxc3 {[%clk 0:07:22]} 32. bxc3 {[%clk 0:08:15]} 32...
Qa7+ {[%clk 0:07:51]} 33. Kg2 {[%clk 0:07:09]} 33... Qxa6 {[%clk 0:08:20]} 34.
Qxb5 {[%clk 0:07:20]} 34... Qxa3 {[%clk 0:07:09]} 35. Qb3+ {[%clk 0:07:25]}
35... Qxb3 {[%clk 0:07:34]} 36. Rxb3 {[%clk 0:07:51]} 1/2-1/2

[Event "DEM U16 2018"]
[Site "Willingen GER"]
[Date "2018.05.22"]
[Round "4"]
[White "Wachinger, Nikolas"]
[Black "Schmider, Niklas"]
[Result "1-0"]
[Termination "normal"]
[Board "2"]
[WhiteElo "2208"]
[BlackElo "2169"]
[WhiteClock "00:36:14"]
[BlackClock "00:03:02"]
[PlyCount "71"]
[WhiteFideId "12962791"]
[BlackFideId "12993778"]
[EventCountry "GER"]
[EventRounds "9"]
[EventType "swiss"]
[EventDate "2018.05.19"]

1. e4 {[%clk 1:30:54]} 1... c5 {[%clk 1:30:55]} 2. Nf3 {[%clk 1:31:17]} 2... d6
{[%clk 1:31:20]} 3. d4 {[%clk 1:31:41]} 3... cxd4 {[%clk 1:31:44]} 4. Nxd4 {
[%clk 1:32:05]} 4... Nf6 {[%clk 1:32:07]} 5. Nc3 {[%clk 1:32:30]} 5... a6 {
[%clk 1:32:32]} 6. Be2 {[%clk 1:32:54]} 6... Nbd7 {[%clk 1:29:51]} 7. O-O {
[%clk 1:31:45]} 7... g6 {[%clk 1:30:03]} 8. a4 {[%clk 1:31:57]} 8... Bg7 {
[%clk 1:29:49]} 9. a5 {[%clk 1:31:35]} 9... O-O {[%clk 1:30:08]} 10. Nb3 {
[%clk 1:30:55]} 10... Qc7 {[%clk 1:28:29]} 11. Be3 {[%clk 1:28:16]} 11... b5 {
[%clk 1:24:47]} 12. axb6 {[%clk 1:21:46]} 12... Nxb6 {[%clk 1:24:59]} 13. Na5 {
[%clk 1:20:24]} 13... Be6 {[%clk 1:20:25]} 14. Qd2 {[%clk 1:15:26]} 14... Rfb8
{[%clk 1:10:30]} 15. Bd4 {[%clk 1:07:31]} 15... Nc4 {[%clk 0:57:09]} 16. Bxc4 {
[%clk 1:06:58]} 16... Bxc4 {[%clk 0:57:32]} 17. Nxc4 {[%clk 1:06:24]} 17...
Qxc4 {[%clk 0:57:54]} 18. Ra4 {[%clk 1:05:57]} 18... Qc6 {[%clk 0:44:56]} 19.
b3 {[%clk 1:03:44]} 19... Rc8 {[%clk 0:40:57]} 20. Qd3 {[%clk 0:56:34]} 20...
e5 {[%clk 0:23:01]} 21. Rc4 {[%clk 0:56:41]} 21... Qb7 {[%clk 0:23:01]} 22. Be3
{[%clk 0:53:10]} 22... Rxc4 {[%clk 0:22:39]} 23. Qxc4 {[%clk 0:52:28]} 23...
Rc8 {[%clk 0:23:04]} 24. Qd3 {[%clk 0:52:45]} 24... Qb4 {[%clk 0:18:39]} 25.
Bd2 {[%clk 0:52:42]} 25... Qd4 {[%clk 0:18:22]} 26. Ra1 {[%clk 0:45:54]} 26...
Qxd3 {[%clk 0:17:27]} 27. cxd3 {[%clk 0:46:16]} 27... Rc6 {[%clk 0:17:54]} 28.
b4 {[%clk 0:43:52]} 28... Kf8 {[%clk 0:16:17]} 29. Kf1 {[%clk 0:40:28]} 29...
Ke7 {[%clk 0:15:36]} 30. b5 {[%clk 0:39:46]} 30... axb5 {[%clk 0:14:58]} 31.
Ra7+ {[%clk 0:40:03]} 31... Nd7 {[%clk 0:12:26]} 32. Nxb5 {[%clk 0:40:12]}
32... Bf6 {[%clk 0:05:22]} 33. Bb4 {[%clk 0:38:56]} 33... Rb6 {[%clk 0:04:24]}
34. Nc3 {[%clk 0:39:13]} 34... Ke6 {[%clk 0:04:02]} 35. Nd5 {[%clk 0:39:28]}
35... Rc6 {[%clk 0:03:02]} 36. Ra8 {[%clk 0:36:14]} 1-0

[Event "DEM U16 2018"]
[Site "Willingen GER"]
[Date "2018.05.22"]
[Round "4"]
[White "Kopylov, Daniel"]
[Black "Pajeken, Jakob Leon"]
[Result "1/2-1/2"]
[Termination "normal"]
[Board "3"]
[WhiteElo "2298"]
[BlackElo "2278"]
[WhiteClock "00:12:04"]
[BlackClock "00:22:33"]
[PlyCount "111"]
[WhiteFideId "12921971"]
[BlackFideId "12942839"]
[EventCountry "GER"]
[EventRounds "9"]
[EventType "swiss"]
[EventDate "2018.05.19"]

1. e4 {[%clk 1:30:51]} 1... e5 {[%clk 1:30:48]} 2. Nf3 {[%clk 1:31:09]} 2...
Nc6 {[%clk 1:31:12]} 3. d4 {[%clk 1:30:41]} 3... exd4 {[%clk 1:31:33]} 4. Nxd4
{[%clk 1:29:58]} 4... Nf6 {[%clk 1:31:56]} 5. Nxc6 {[%clk 1:30:05]} 5... bxc6 {
[%clk 1:32:21]} 6. Qe2 {[%clk 1:30:18]} 6... Rb8 {[%clk 1:32:36]} 7. Nc3 {
[%clk 1:24:01]} 7... h6 {[%clk 1:21:27]} 8. Qe3 {[%clk 1:20:32]} 8... a5 {
[%clk 1:12:40]} 9. Bd3 {[%clk 1:18:01]} 9... Ng4 {[%clk 0:52:20]} 10. Qg3 {
[%clk 1:14:01]} 10... d6 {[%clk 0:51:01]} 11. Be2 {[%clk 1:09:06]} 11... Ne5 {
[%clk 0:48:04]} 12. O-O {[%clk 1:08:36]} 12... Qf6 {[%clk 0:41:07]} 13. f4 {
[%clk 1:05:15]} 13... Ng6 {[%clk 0:41:01]} 14. Bd3 {[%clk 0:47:22]} 14... h5 {
[%clk 0:35:42]} 15. f5 {[%clk 0:36:12]} 15... h4 {[%clk 0:35:40]} 16. Qf2 {
[%clk 0:36:32]} 16... Ne5 {[%clk 0:35:22]} 17. Qa7 {[%clk 0:35:51]} 17... Nd7 {
[%clk 0:32:46]} 18. Be3 {[%clk 0:31:57]} 18... Kd8 {[%clk 0:27:21]} 19. Bd4 {
[%clk 0:28:44]} 19... Qg5 {[%clk 0:27:34]} 20. e5 {[%clk 0:28:09]} 20... dxe5 {
[%clk 0:27:19]} 21. Ne4 {[%clk 0:27:21]} 21... Qe7 {[%clk 0:27:38]} 22. Be3 {
[%clk 0:26:01]} 22... h3 {[%clk 0:22:57]} 23. g3 {[%clk 0:25:19]} 23... Qb4 {
[%clk 0:22:56]} 24. a3 {[%clk 0:22:44]} 24... Qxb2 {[%clk 0:21:49]} 25. Rab1 {
[%clk 0:21:42]} 25... Qxb1 {[%clk 0:21:45]} 26. Rxb1 {[%clk 0:22:02]} 26...
Rxb1+ {[%clk 0:22:11]} 27. Kf2 {[%clk 0:18:15]} 27... f6 {[%clk 0:21:28]} 28.
Nd2 {[%clk 0:16:51]} 28... Rb8 {[%clk 0:18:31]} 29. Qxa5 {[%clk 0:16:44]} 29...
Nb6 {[%clk 0:18:16]} 30. Be4 {[%clk 0:14:38]} 30... Ra8 {[%clk 0:17:32]} 31.
Qc3 {[%clk 0:14:15]} 31... Rxa3 {[%clk 0:16:58]} 32. Qxc6 {[%clk 0:14:18]}
32... Bd7 {[%clk 0:17:10]} 33. Qb7 {[%clk 0:14:37]} 33... Bc8 {[%clk 0:17:35]}
34. Qb8 {[%clk 0:13:41]} 34... Nd7 {[%clk 0:16:39]} 35. Qb5 {[%clk 0:12:31]}
35... Ba6 {[%clk 0:14:10]} 36. Qd5 {[%clk 0:11:37]} 36... Bd6 {[%clk 0:12:31]}
37. Nc4 {[%clk 0:10:41]} 37... Bxc4 {[%clk 0:12:51]} 38. Qxc4 {[%clk 0:11:10]}
38... Rf8 {[%clk 0:12:23]} 39. Bc6 {[%clk 0:08:36]} 39... e4 {[%clk 0:08:06]}
40. Bd4 {[%clk 0:00:38]} 40... e3+ {[%clk 0:04:20]} 41. Ke2 {[%clk 0:29:45]}
41... Nb8 {[%clk 0:34:36]} 42. Bb5 {[%clk 0:28:38]} 42... Ra5 {[%clk 0:32:10]}
43. Bc3 {[%clk 0:25:13]} 43... Rxb5 {[%clk 0:29:03]} 44. Qxb5 {[%clk 0:23:04]}
44... Nd7 {[%clk 0:29:26]} 45. Bd4 {[%clk 0:22:29]} 45... Re8 {[%clk 0:29:35]}
46. c4 {[%clk 0:21:43]} 46... Be5 {[%clk 0:29:25]} 47. Qd5 {[%clk 0:17:25]}
47... Bxd4 {[%clk 0:27:26]} 48. Qxd4 {[%clk 0:17:53]} 48... Re7 {[%clk 0:27:44]
} 49. Qd5 {[%clk 0:16:44]} 49... c5 {[%clk 0:27:05]} 50. g4 {[%clk 0:15:12]}
50... Kc7 {[%clk 0:26:43]} 51. Qa8 {[%clk 0:14:03]} 51... Ne5 {[%clk 0:23:14]}
52. Qa7+ {[%clk 0:12:36]} 52... Kd6 {[%clk 0:23:31]} 53. Qb8+ {[%clk 0:12:45]}
53... Kc6 {[%clk 0:22:45]} 54. Qa8+ {[%clk 0:11:50]} 54... Kc7 {[%clk 0:22:18]}
55. Qd5 {[%clk 0:11:44]} 55... Nd7 {[%clk 0:22:33]} 56. Qa8 {[%clk 0:12:04]}
1/2-1/2

[Event "DEM U16 2018"]
[Site "Willingen GER"]
[Date "2018.05.22"]
[Round "4"]
[White "Roseneck, Jonas"]
[Black "Zimmer, Raphael"]
[Result "1-0"]
[Termination "normal"]
[Board "4"]
[BlackTitle "FM"]
[WhiteElo "2183"]
[BlackElo "2146"]
[WhiteClock "00:42:21"]
[BlackClock "00:25:50"]
[PlyCount "55"]
[WhiteFideId "12939870"]
[BlackFideId "12978841"]
[EventCountry "GER"]
[EventRounds "9"]
[EventType "swiss"]
[EventDate "2018.05.19"]

1. e4 {[%clk 1:30:57]} 1... e5 {[%clk 1:30:47]} 2. Nf3 {[%clk 1:31:22]} 2...
Nc6 {[%clk 1:31:09]} 3. Bb5 {[%clk 1:31:47]} 3... a6 {[%clk 1:31:28]} 4. Ba4 {
[%clk 1:32:13]} 4... Nf6 {[%clk 1:31:48]} 5. O-O {[%clk 1:32:38]} 5... Be7 {
[%clk 1:32:02]} 6. d3 {[%clk 1:33:04]} 6... b5 {[%clk 1:32:16]} 7. Bb3 { [%clk
1:33:29]} 7... O-O {[%clk 1:32:20]} 8. Nc3 {[%clk 1:33:33]} 8... d6 { [%clk
1:32:03]} 9. a3 {[%clk 1:33:55]} 9... Na5 {[%clk 1:28:25]} 10. Ba2 { [%clk
1:33:46]} 10... c5 {[%clk 1:28:31]} 11. b4 {[%clk 1:31:42]} 11... Nc6 { [%clk
1:26:55]} 12. Nd5 {[%clk 1:32:03]} 12... Bb7 {[%clk 1:13:39]} 13. c3 { [%clk
1:25:35]} 13... h6 {[%clk 1:04:18]} 14. Be3 {[%clk 1:22:54]} 14... Nd7 { [%clk
1:00:07]} 15. a4 {[%clk 1:19:30]} 15... cxb4 {[%clk 0:47:47]} 16. cxb4 { [%clk
1:15:29]} 16... a5 {[%clk 0:47:03]} 17. bxa5 {[%clk 1:02:10]} 17... Rxa5 {[%clk
0:38:42]} 18. axb5 {[%clk 1:01:52]} 18... Rxb5 {[%clk 0:38:40]} 19. Bc4 {[%clk
1:00:01]} 19... Ra5 {[%clk 0:38:40]} 20. Qb3 {[%clk 0:53:29]} 20... Ba8 {[%clk
0:36:25]} 21. Bb5 {[%clk 0:50:37]} 21... Rxa1 {[%clk 0:34:50]} 22. Rxa1 22...
Re8 {[%clk 0:29:31]} 23. Qa4 {[%clk 0:49:01]} 23... Qc8 {[%clk 0:25:25]} 24.
Nxe7+ {[%clk 0:49:26]} 24... Rxe7 {[%clk 0:25:44]} 25. Qxa8 {[%clk 0:49:52] }
25... Ncb8 {[%clk 0:25:47]} 26. Ba7 {[%clk 0:41:58]} 26... Kh7 { [%clk
0:25:30]} 27. Bxd7 {[%clk 0:42:09]} 27... Rxd7 {[%clk 0:25:50]} 28. Qxb8 {[%clk
0:42:21]} 1-0

[Event "DEM U16 2018"]
[Site "Willingen GER"]
[Date "2018.05.22"]
[Round "4"]
[White "Kuznecovs, Nikita"]
[Black "Stork, Oliver"]
[Result "1-0"]
[Termination "normal"]
[Board "5"]
[WhiteElo "2266"]
[BlackElo "2195"]
[WhiteClock "00:28:53"]
[BlackClock "00:00:34"]
[PlyCount "120"]
[WhiteFideId "11604557"]
[BlackFideId "12955728"]
[EventCountry "GER"]
[EventRounds "9"]
[EventType "swiss"]
[EventDate "2018.05.19"]

1. Nf3 {[%clk 1:30:57]} 1... Nf6 {[%clk 1:30:53]} 2. g3 {[%clk 1:31:22]} 2...
d5 {[%clk 1:31:16]} 3. Bg2 {[%clk 1:31:48]} 3... e6 {[%clk 1:31:40]} 4. b3 {
[%clk 1:32:14]} 4... Be7 {[%clk 1:31:40]} 5. Bb2 {[%clk 1:32:39]} 5... O-O {
[%clk 1:32:02]} 6. c4 {[%clk 1:33:05]} 6... c5 {[%clk 1:31:42]} 7. cxd5 { [%clk
1:33:29]} 7... exd5 {[%clk 1:31:22]} 8. d4 {[%clk 1:33:42]} 8... Nc6 { [%clk
1:31:46]} 9. O-O {[%clk 1:34:03]} 9... Ne4 {[%clk 1:31:34]} 10. dxc5 { [%clk
1:33:44]} 10... Bxc5 {[%clk 1:31:15]} 11. Nc3 {[%clk 1:27:05]} 11... Nxc3
{[%clk 0:55:01]} 12. Bxc3 {[%clk 1:27:29]} 12... d4 {[%clk 0:55:25]} 13. Bb2 {
[%clk 1:27:55]} 13... Bf5 {[%clk 0:48:49]} 14. Qc1 {[%clk 0:52:26]} 14... Qb6 {
[%clk 0:42:16]} 15. Qg5 {[%clk 0:50:00]} 15... Bg6 {[%clk 0:40:17]} 16. Rac1 {
[%clk 0:50:17]} 16... Bb4 {[%clk 0:34:46]} 17. a3 {[%clk 0:40:26]} 17... Be7 {
[%clk 0:29:00]} 18. Rxc6 {[%clk 0:40:14]} 18... Qd8 {[%clk 0:29:12]} 19. Rxg6 {
[%clk 0:40:16]} 19... Bxg5 {[%clk 0:29:21]} 20. Rxg5 {[%clk 0:40:41]} 20... f6
{[%clk 0:09:42]} 21. Rg4 {[%clk 0:30:51]} 21... d3 {[%clk 0:09:54]} 22. exd3 {
[%clk 0:29:49]} 22... Qxd3 {[%clk 0:10:03]} 23. Nd4 {[%clk 0:29:27]} 23... Rfe8
{[%clk 0:03:36]} 24. Bd5+ {[%clk 0:28:47]} 24... Kh8 {[%clk 0:03:57]} 25. Bc4 {
[%clk 0:28:57]} 25... Qd2 {[%clk 0:03:58]} 26. Bc1 {[%clk 0:29:08]} 26... Qa5 {
[%clk 0:03:23]} 27. Ne6 {[%clk 0:27:28]} 27... Qf5 {[%clk 0:02:08]} 28. Rf4 {
[%clk 0:27:51]} 28... Qe5 {[%clk 0:02:21]} 29. Nd4 {[%clk 0:26:55]} 29... a6 {
[%clk 0:01:30]} 30. Nf3 {[%clk 0:26:52]} 30... Qd6 {[%clk 0:01:10]} 31. Nh4 {
[%clk 0:26:42]} 31... g5 {[%clk 0:00:51]} 32. Nf5 {[%clk 0:27:04]} 32... Qe5 {
[%clk 0:00:59]} 33. Nh6 {[%clk 0:26:29]} 33... Kg7 {[%clk 0:00:50]} 34. Ng4 {
[%clk 0:26:49]} 34... Qc3 {[%clk 0:00:34]} 35. Rxf6 {[%clk 0:26:58]} 35... b5 {
[%clk 0:00:43]} 36. Rf7+ {[%clk 0:27:17]} 36... Kg6 {[%clk 0:00:57]} 37. Bd5 {
[%clk 0:27:26]} 37... Rad8 {[%clk 0:01:02]} 38. Rf3 {[%clk 0:27:25]} 38... Qd4
{[%clk 0:01:04]} 39. Bf7+ {[%clk 0:27:19]} 39... Kg7 {[%clk 0:01:30]} 40. Ne3 {
[%clk 0:24:01]} 40... Re5 {[%clk 0:00:47]} 41. Bh5 {[%clk 0:21:54]} 41... Kg8 {
[%clk 0:14:58]} 42. Rf6 {[%clk 0:46:24]} 42... Rf8 {[%clk 0:11:15]} 43. Rxf8+ {
[%clk 0:46:12]} 43... Kxf8 {[%clk 0:11:39]} 44. Rd1 {[%clk 0:46:32]} 44... Qc3
{[%clk 0:10:50]} 45. Bd2 {[%clk 0:46:56]} 45... Qxb3 {[%clk 0:09:41]} 46. Bb4+
{[%clk 0:47:19]} 46... Kg7 {[%clk 0:08:49]} 47. Rd7+ {[%clk 0:47:10]} 47... Kh8
{[%clk 0:05:38]} 48. Rd8+ {[%clk 0:47:33]} 48... Kg7 {[%clk 0:05:48]} 49. Ng4 {
[%clk 0:42:56]} 49... Rd5 {[%clk 0:01:29]} 50. Bf8+ {[%clk 0:42:41]} 50... Kh8
{[%clk 0:01:52]} 51. Bd6+ {[%clk 0:42:56]} 51... Kg7 {[%clk 0:02:18]} 52. Rd7+
{[%clk 0:42:45]} 52... Kh8 {[%clk 0:02:44]} 53. Nf6 {[%clk 0:32:35]} 53... Qb1+
{[%clk 0:02:39]} 54. Kg2 {[%clk 0:32:59]} 54... Rd2 {[%clk 0:00:44]} 55. Rd8+ {
[%clk 0:30:45]} 55... Kg7 {[%clk 0:01:10]} 56. Bf8+ {[%clk 0:29:29]} 56... Kxf6
{[%clk 0:01:37]} 57. Rxd2 {[%clk 0:29:53]} 57... a5 {[%clk 0:01:53]} 58. Rd6+ {
[%clk 0:29:03]} 58... Ke5 {[%clk 0:01:01]} 59. Rb6 {[%clk 0:28:52]} 59... Qd3 {
[%clk 0:00:40]} 60. Bf3 {[%clk 0:28:53]} 60... Kd4 {[%clk 0:00:34]} 1-0

[Event "DEM U16 2018"]
[Site "Willingen GER"]
[Date "2018.05.22"]
[Round "4"]
[White "Mütsch, Annmarie"]
[Black "Biastoch, Bennet"]
[Result "1-0"]
[Termination "normal"]
[Board "6"]
[WhiteElo "2145"]
[BlackElo "2173"]
[WhiteClock "00:08:35"]
[BlackClock "00:06:18"]
[PlyCount "61"]
[WhiteFideId "12971367"]
[BlackFideId "12939889"]
[EventCountry "GER"]
[EventRounds "9"]
[EventType "swiss"]
[EventDate "2018.05.19"]

1. e4 {[%clk 1:30:58]} 1... c5 {[%clk 1:30:53]} 2. Nf3 {[%clk 1:31:22]} 2... d6
{[%clk 1:31:19]} 3. d4 {[%clk 1:31:48]} 3... cxd4 {[%clk 1:31:40]} 4. Nxd4 {
[%clk 1:32:12]} 4... Nf6 {[%clk 1:32:02]} 5. Nc3 {[%clk 1:32:37]} 5... a6 {
[%clk 1:32:23]} 6. h3 {[%clk 1:32:30]} 6... e5 {[%clk 1:31:34]} 7. Nde2 { [%clk
1:32:45]} 7... h5 {[%clk 1:31:37]} 8. Bg5 {[%clk 1:32:58]} 8... Be6 { [%clk
1:24:23]} 9. Bxf6 {[%clk 1:33:07]} 9... Qxf6 {[%clk 1:23:35]} 10. Nd5 { [%clk
1:33:23]} 10... Bxd5 {[%clk 1:19:55]} 11. Qxd5 {[%clk 1:33:07]} 11... Nc6
{[%clk 1:18:50]} 12. Nc3 {[%clk 1:31:05]} 12... Be7 {[%clk 1:00:33]} 13. Qd2 {
[%clk 1:20:51]} 13... O-O {[%clk 0:56:34]} 14. O-O-O {[%clk 1:17:49]} 14... Qg6
{[%clk 0:47:31]} 15. Kb1 {[%clk 1:04:50]} 15... b5 {[%clk 0:42:13]} 16. Be2 {
[%clk 0:57:04]} 16... Rac8 {[%clk 0:36:17]} 17. h4 {[%clk 0:45:27]} 17... Nd4 {
[%clk 0:28:58]} 18. Nd5 {[%clk 0:38:54]} 18... Bd8 {[%clk 0:27:44]} 19. Bd3 {
[%clk 0:39:16]} 19... f5 {[%clk 0:21:29]} 20. exf5 {[%clk 0:32:01]} 20... Qxg2
{[%clk 0:21:49]} 21. Ne3 {[%clk 0:29:52]} 21... Qb7 {[%clk 0:20:04]} 22. c3 {
[%clk 0:27:50]} 22... Nf3 {[%clk 0:19:17]} 23. Qc2 {[%clk 0:25:03]} 23... Nd4 {
[%clk 0:19:28]} 24. Qd2 {[%clk 0:21:01]} 24... Nf3 {[%clk 0:19:53]} 25. Qe2 {
[%clk 0:20:36]} 25... Bb6 {[%clk 0:13:45]} 26. Bc2 {[%clk 0:16:54]} 26... Bxe3
{[%clk 0:11:49]} 27. Qxe3 {[%clk 0:14:51]} 27... Rc4 {[%clk 0:12:04]} 28. Rh3 {
[%clk 0:12:12]} 28... e4 {[%clk 0:10:21]} 29. b3 {[%clk 0:11:12]} 29... Rc5 {
[%clk 0:06:07]} 30. Bxe4 {[%clk 0:10:30]} 30... Qe7 {[%clk 0:06:18]} 31. Rxf3 {
[%clk 0:08:35]} 1-0

[Event "DEM U16 2018"]
[Site "Willingen GER"]
[Date "2018.05.22"]
[Round "4"]
[White "Wong, Gengchun"]
[Black "Baltic, Fatih"]
[Result "1/2-1/2"]
[Termination "normal"]
[Board "7"]
[BlackTitle "FM"]
[WhiteElo "2120"]
[BlackElo "2135"]
[WhiteClock "00:01:55"]
[BlackClock "00:42:09"]
[PlyCount "59"]
[WhiteFideId "12963283"]
[BlackFideId "12979090"]
[EventCountry "GER"]
[EventRounds "9"]
[EventType "swiss"]
[EventDate "2018.05.19"]

1. e4 {[%clk 1:30:57]} 1... e5 {[%clk 1:29:35]} 2. Nf3 {[%clk 1:31:15]} 2...
Nc6 {[%clk 1:29:59]} 3. Bb5 {[%clk 1:30:32]} 3... a6 {[%clk 1:28:42]} 4. Bxc6 {
[%clk 1:30:51]} 4... dxc6 {[%clk 1:28:52]} 5. O-O {[%clk 1:31:13]} 5... Bd6 {
[%clk 1:29:19]} 6. d4 {[%clk 1:31:13]} 6... exd4 {[%clk 1:29:42]} 7. Qxd4 {
[%clk 1:31:36]} 7... f6 {[%clk 1:30:09]} 8. Re1 {[%clk 1:13:05]} 8... Ne7 {
[%clk 1:27:20]} 9. Nbd2 {[%clk 1:02:35]} 9... Be6 {[%clk 1:27:27]} 10. b3 {
[%clk 0:49:06]} 10... O-O {[%clk 1:20:29]} 11. Bb2 {[%clk 0:48:35]} 11... Ng6 {
[%clk 1:16:59]} 12. Rad1 {[%clk 0:29:41]} 12... Qe7 {[%clk 1:16:13]} 13. Qe3 {
[%clk 0:26:26]} 13... Ne5 {[%clk 1:13:37]} 14. h3 {[%clk 0:14:39]} 14... Rad8 {
[%clk 1:09:22]} 15. Nf1 {[%clk 0:11:45]} 15... Bc8 {[%clk 0:58:38]} 16. Nd4 {
[%clk 0:06:32]} 16... Bc5 {[%clk 0:56:30]} 17. Qe2 {[%clk 0:06:37]} 17... Qf7 {
[%clk 0:54:54]} 18. Ng3 {[%clk 0:05:17]} 18... Kh8 {[%clk 0:52:29]} 19. Ndf5 {
[%clk 0:04:09]} 19... Rxd1 {[%clk 0:52:18]} 20. Rxd1 {[%clk 0:04:32]} 20... Re8
{[%clk 0:51:42]} 21. Bd4 {[%clk 0:04:16]} 21... Bf8 {[%clk 0:51:11]} 22. Bb2 {
[%clk 0:04:22]} 22... g6 {[%clk 0:49:11]} 23. Ne3 {[%clk 0:04:13]} 23... Bh6 {
[%clk 0:49:03]} 24. Nc4 {[%clk 0:02:06]} 24... Bg7 {[%clk 0:46:54]} 25. Nxe5 {
[%clk 0:02:25]} 25... fxe5 {[%clk 0:47:18]} 26. Nf1 {[%clk 0:02:38]} 26... Be6
{[%clk 0:45:29]} 27. Rd3 {[%clk 0:02:08]} 27... Qe7 {[%clk 0:44:17]} 28. Qd1 {
[%clk 0:02:14]} 28... Qh4 {[%clk 0:43:26]} 29. Qe2 {[%clk 0:02:03]} 29... Rd8 {
[%clk 0:42:09]} 30. Nh2 {[%clk 0:01:55]} 1/2-1/2